000 00507nam a22001697a 4500
005 20251108164207.0
008 250721s9999 xx 000 0 ara d
082 1 4 _a301,42/صلا
100 1 _aصلال، عايدة أحمد
245 1 0 _aما يحبه الرجال في النساء /
264 1 _aالقاهرة :
_bدار الطرابيشي للدراسات الأنسانية،
_c[19-].
300 _a173ص.
650 1 7 _aالزواج
650 1 7 _aالجنس
942 _2ddc
_cBK
999 _c6009
_d6009